| 000 | 00820nam a22002297a 4500 | ||
|---|---|---|---|
| 005 | 20170124110233.0 | ||
| 010 | _a166699 | ||
| 020 | _c00.00 | ||
| 035 | _a166699 | ||
| 037 | _bCen Lib/Ret | ||
| 040 |
_aDPL _bEN |
||
| 082 |
_a745.5 _bMEH |
||
| 100 |
_aMehta, Rustam J. _941754 |
||
| 245 |
_aThe handicrafts and industrial arts of India / _cby Rustam J. Mehta _b a pictorial and descriptive survey of Indian craftsmanship as seen in masterpieces ... / |
||
| 260 |
_aBombay _bTaraporevala's Treasure House of Books _c1960 |
||
| 270 |
_bBombay _a210, Dr. D. Naoroji Road _e400001 |
||
| 300 |
_avarious pagings. : _c27m(Hb) _bill. |
||
| 500 | _aIncludes bibliographical references and index | ||
| 650 |
_aHandicraft _941755 |
||
| 650 |
_aIndia -- Industries _941756 |
||
| 942 |
_2ddc _cEN _h745.5 _mMEH |
||
| 999 |
_c134783 _d134783 |
||